[Event "CFriend AC-2005-Q-00009 email"]
[Site "Chessfriend.com"]
[Date "2005.07.22"]
[Round "1"]
[White "Noble, Mark"]
[Black "Erbe, Uwe"]
[Result "1-0"]
[WhiteElo "2167"]
[BlackElo "2240"]
[PlyCount "77"]
[EventDate "2005.??.??"]
[EventType "tourn (corr)"]
[EventRounds "6"]
[SourceTitle "Corr 2024"]
[Source "ChessBase"]
[SourceDate "2023.10.19"]
[SourceVersion "1"]
[SourceVersionDate "2023.10.19"]
[SourceQuality "1"]

1. e4 c5 2. Nf3 d6 3. d4 cxd4 4. Nxd4 Nf6 5. Nc3 a6 6. Bg5 e6 7. f4 Be7 8. Qf3 Qc7 9. 0-0-0 Nbd7 10. g4 b5 11. Bxf6 Nxf6 12. g5 Nd7 13. Rg1 b4 14. Nce2 0-0 15. f5 e5 16. f6 exd4 17. fxe7 Re8 18. e5 b3 19. axb3 Rb8 20. exd6 Qxd6 21. Nxd4 Ne5 22. Qg3 Bg4 23. Be2 Bxe2 24. Nxe2 Qxe7 25. Nc3 Rbd8 26. Rxd8 Qxd8 27. h4 Kf8 28. Qf2 Nc6 29. Rd1 Qa5 30. Kb1 Qe5 31. Qb6 Ne7 32. Qxa6 Nf5 33. Qb6 Qe3 34. Qb5 Qe5 35. Nd5 Kg8 36. h5 Ng3 37. h6 Ne4 38. Qb4 Nxg5 39. Ne7+ 1-0

[Event "CFriend AC-2005-Q-00009 email"]
[Site "Chessfriend.com"]
[Date "2005.07.22"]
[Round "1"]
[White "Petrov, Milen Stoyanov"]
[Black "Erbe, Uwe"]
[Result "1-0"]
[WhiteElo "2229"]
[BlackElo "2240"]
[PlyCount "53"]
[EventDate "2005.??.??"]
[EventType "tourn (corr)"]
[EventRounds "6"]
[SourceTitle "Corr 2008"]
[Source "ChessBase"]
[SourceDate "2008.06.24"]
[SourceVersion "1"]
[SourceVersionDate "2008.06.24"]
[SourceQuality "1"]

1. e4 c5 2. Nf3 d6 3. d4 cxd4 4. Nxd4 Nf6 5. Nc3 a6 6. Bg5 e6 7. f4 Be7 8. Qf3 Qa5 9. 0-0-0 Nbd7 10. Be2 0-0 11. Qg3 Nc5 12. Bf3 e5 13. fxe5 dxe5 14. Bh6 Ne8 15. Nf5 Bxf5 16. exf5 e4 17. Be2 Kh8 18. Bd2 Nf6 19. Kb1 Na4 20. Nxa4 Qxa4 21. Bc3 Rac8 22. Rd4 Qc6 23. Rc4 Qd5 24. Rd1 Qxd1+ 25. Bxd1 Rxc4 26. Be2 Rd8 27. Qe3 1-0

[Event "CFriend AR-2004-F-00003 email"]
[Site "Chessfriend.com"]
[Date "2005.07.08"]
[Round "1"]
[White "Erbe, Uwe"]
[Black "Noble, Mark"]
[Result "1-0"]
[WhiteElo "2240"]
[BlackElo "2167"]
[PlyCount "161"]
[EventDate "2005.??.??"]
[EventType "tourn (corr)"]
[EventRounds "6"]
[SourceTitle "Corr 2024"]
[Source "ChessBase"]
[SourceDate "2023.10.19"]
[SourceVersion "1"]
[SourceVersionDate "2023.10.19"]
[SourceQuality "1"]

1. d4 Nf6 2. c4 e6 3. Nf3 b6 4. g3 Bb7 5. Bg2 Be7 6. 0-0 0-0 7. Nc3 Na6 8. b3 Ne4 9. Bb2 f5 10. e3 Bf6 11. Ne2 Qe7 12. Nd2 c5 13. Nf4 d5 14. Qe2 Rad8 15. Rad1 g6 16. Rfe1 Nc7 17. Nf3 Rfe8 18. a3 Bg7 19. Qc2 dxc4 20. bxc4 Rd6 21. Nd2 cxd4 22. Nxe4 d3 23. Nxd3 fxe4 24. Ne5 Red8 25. Rxd6 Qxd6 26. Bxe4 Bxe4 27. Qxe4 Na6 28. Qb7 Bxe5 29. Bxe5 Qxe5 30. Qxa6 Qc7 31. c5 Qxc5 32. Qxa7 Rd2 33. Qb8+ Kg7 34. Qb7+ Kg8 35. a4 h5 36. Rf1 Qd6 37. h4 Qc5 38. Qe4 Kf7 39. Rb1 Rd5 40. Rb4 Qc6 41. Kg2 Rd6 42. Qxc6 Rxc6 43. f4 Kf6 44. Kf2 Rc2+ 45. Kf3 Ra2 46. Ke4 Ra3 47. Kd4 Kf5 48. e4+ Kf6 49. Kc4 Rxg3 50. Kb5 e5 51. fxe5+ Kxe5 52. Kxb6 Rg4 53. a5 Rxh4 54. a6 Rf4 55. Rb5+ Ke6 56. Rg5 Kf6 57. a7 Rxe4 58. Rxg6+ Kxg6 59. a8Q Rf4 60. Qg2+ Kf6 61. Kc6 h4 62. Kd5 Rf5+ 63. Kd6 Rf4 64. Qd5 Kg6 65. Qg8+ Kf5 66. Qe6+ Kg5 67. Ke5 Rf2 68. Qg8+ Kh5 69. Qg1 Rf8 70. Qc5 Rf3 71. Ke4+ Kg4 72. Qg1+ Rg3 73. Qf1 Kh5 74. Qf7+ Kg5 75. Qe6 Kh5 76. Kf4 Rg7 77. Qe8+ Kh6 78. Kf5 Kh7 79. Kf6 h3 80. Qe4+ Kh8 81. Qc2 1-0

[Event "CFriend AM-2004-0-00015 email"]
[Site "Chessfriend.com"]
[Date "2005.02.07"]
[Round "1"]
[White "Erbe, Uwe"]
[Black "Myers, David R"]
[Result "1/2-1/2"]
[WhiteElo "2240"]
[BlackElo "2406"]
[PlyCount "77"]
[EventDate "2005.??.??"]
[EventType "tourn (corr)"]
[EventRounds "6"]
[SourceTitle "Corr 2024"]
[Source "ChessBase"]
[SourceDate "2023.10.19"]
[SourceVersion "1"]
[SourceVersionDate "2023.10.19"]
[SourceQuality "1"]

1. d4 e6 2. c4 Nf6 3. Nf3 c5 4. e3 b6 5. Nc3 d6 6. Bd3 Be7 7. 0-0 0-0 8. d5 Na6 9. e4 Bb7 10. a3 Nc7 11. b3 Rb8 12. Bd2 Re8 13. Qc2 Nd7 14. Ne2 Nf8 15. Rad1 Ng6 16. Be3 a6 17. Ng3 Qd7 18. Ng5 Rbd8 19. e5 exd5 20. Nxf7 Kxf7 21. Bf5 Qc6 22. cxd5 Nxd5 23. Be6+ Kf8 24. Bxd5 Qc8 25. exd6 Rxd6 26. Bc4 Rxd1 27. Rxd1 Bf6 28. a4 a5 29. Rd6 Qc7 30. Rd1 Rd8 31. Re1 Qe5 32. Qc1 Qc3 33. Qb1 Bd5 34. Nh5 Bxc4 35. bxc4 Rd3 36. Bf4 Bd4 37. Rf1 Qxc4 38. Qxb6 Kg8 39. Ng3 1/2-1/2

[Event "CFriend AM-2004-0-00015 email"]
[Site "Chessfriend.com"]
[Date "2005.02.07"]
[Round "1"]
[White "Hase, Michael"]
[Black "Erbe, Uwe"]
[Result "1/2-1/2"]
[WhiteElo "2474"]
[BlackElo "2240"]
[PlyCount "87"]
[EventDate "2005.??.??"]
[EventType "tourn (corr)"]
[EventRounds "6"]
[SourceTitle "Corr 2024"]
[Source "ChessBase"]
[SourceDate "2023.10.19"]
[SourceVersion "1"]
[SourceVersionDate "2023.10.19"]
[SourceQuality "1"]

1. d4 d5 2. c4 e6 3. g3 Nf6 4. Bg2 dxc4 5. Nf3 a6 6. 0-0 Nc6 7. e3 Bd7 8. Qe2 Bd6 9. Qxc4 0-0 10. Nc3 Rb8 11. e4 e5 12. d5 Ne7 13. Re1 Ng6 14. Bd2 b5 15. Qb3 h6 16. Rac1 Rc8 17. a3 Re8 18. Qc2 c5 19. a4 c4 20. axb5 axb5 21. Ra1 Qc7 22. Rec1 Ra8 23. Nd1 Qb6 24. Rcb1 Bc5 25. Rxa8 Rxa8 26. Be3 Bxe3 27. Nxe3 Ra2 28. Nd1 Qc5 29. Nc3 Ra6 30. Nd1 Ra2 31. Ne1 h5 32. Qc3 b4 33. Qc1 Bb5 34. Nc2 Ba4 35. Nxb4 Qxb4 36. Nc3 Bb3 37. Nxa2 Bxa2 38. Ra1 Bb3 39. Ra8+ Kh7 40. Ra7 Kg8 41. Qc3 Qb6 42. Qe3 Qb5 43. Qd2 Qb6 44. Qe3 1/2-1/2

[Event "CFriend AM-2004-0-00015 email"]
[Site "Chessfriend.com"]
[Date "2005.02.07"]
[Round "1"]
[White "Nikel, Bogdan"]
[Black "Erbe, Uwe"]
[Result "1/2-1/2"]
[WhiteElo "2289"]
[BlackElo "2240"]
[PlyCount "58"]
[EventDate "2005.??.??"]
[EventType "tourn (corr)"]
[EventRounds "6"]
[SourceTitle "Corr 2024"]
[Source "ChessBase"]
[SourceDate "2023.10.19"]
[SourceVersion "1"]
[SourceVersionDate "2023.10.19"]
[SourceQuality "1"]

1. e4 c5 2. Nf3 d6 3. d4 cxd4 4. Nxd4 Nf6 5. Nc3 a6 6. Be3 e5 7. Nf3 Be6 8. Ng5 Nc6 9. a3 Be7 10. Nxe6 fxe6 11. Bc4 Qc8 12. Ba2 b5 13. Qd3 0-0 14. 0-0 Na5 15. Bg5 Kh8 16. Rab1 Qd7 17. b4 Nc6 18. Ne2 Ng4 19. Bxe7 Nxe7 20. Rbd1 Qa7 21. Qg3 Nf6 22. Nc3 Ng6 23. Rxd6 Qc7 24. Rd3 Nf4 25. Re3 Rad8 26. Kh1 Ng8 27. Qg4 Rf6 28. g3 Nh6 29. Qh4 Nf7 1/2-1/2

[Event "AC-2003-S-00004"]
[Site "Chessfriend.com"]
[Date "2004.12.01"]
[Round "1"]
[White "Hallengren, Boris"]
[Black "Erbe, Uwe"]
[Result "1/2-1/2"]
[WhiteElo "2114"]
[BlackElo "2240"]
[PlyCount "127"]
[EventDate "2004.??.??"]
[EventType "tourn (corr)"]
[SourceTitle "Corr 2024"]
[Source "ChessBase"]
[SourceDate "2023.10.19"]
[SourceVersion "1"]
[SourceVersionDate "2023.10.19"]
[SourceQuality "1"]

1. e4 c5 2. Nf3 d6 3. d4 cxd4 4. Nxd4 Nf6 5. Nc3 a6 6. Be3 e5 7. Nb3 Be6 8. f3 Be7 9. Qd2 h5 10. Be2 Nbd7 11. Nd5 Nxd5 12. exd5 Bf5 13. 0-0 h4 14. c4 h3 15. g4 Bg6 16. Na5 Qc7 17. b4 0-0 18. c5 dxc5 19. d6 Bxd6 20. Rfd1 cxb4 21. Qxd6 Qxa5 22. Qxd7 Qa3 23. Kf2 Bc2 24. Re1 Qb2 25. Qxb7 e4 26. f4 Rad8 27. g5 Bd3 28. Rad1 Qxa2 29. Qxb4 Rb8 30. Qc3 Rfe8 31. Rd2 Qe6 32. Bxd3 Qg4 33. Bf1 Qh4+ 34. Kg1 Qxe1 35. g6 Qh4 36. gxf7+ Kxf7 37. Rd7+ Re7 38. Rxe7+ Qxe7 39. Qc4+ Kg6 40. Bxh3 Kh7 41. Qxa6 Qf7 42. Qc6 Qg6+ 43. Qxg6+ Kxg6 44. Bg4 Rb1+ 45. Kf2 Rb2+ 46. Be2 Kf5 47. h3 g6 48. Ke1 Ke6 49. Bc4+ Kf5 50. Kd1 Rb7 51. Ba6 Rc7 52. Kd2 Ke6 53. Be2 Kd5 54. Bg4 Rh7 55. f5 gxf5 56. Bxf5 Rb7 57. Bg4 Rb2+ 58. Ke1 Rg2 59. Kf1 Rh2 60. Bf4 Ra2 61. h4 Kd4 62. h5 e3 63. Bg3 Ke4 64. Bd6 1/2-1/2

[Event "AC-2003-S-00004"]
[Site "Chessfriend.com"]
[Date "2004.12.01"]
[Round "1"]
[White "Solodovnichenko, Yuri"]
[Black "Erbe, Uwe"]
[Result "1-0"]
[WhiteElo "2501"]
[BlackElo "2240"]
[PlyCount "59"]
[EventDate "2004.??.??"]
[EventType "tourn (corr)"]
[SourceTitle "Corr 2024"]
[Source "ChessBase"]
[SourceDate "2023.10.19"]
[SourceVersion "1"]
[SourceVersionDate "2023.10.19"]
[SourceQuality "1"]

1. e4 c5 2. Nf3 d6 3. d4 cxd4 4. Nxd4 Nf6 5. Nc3 a6 6. Be3 e5 7. Nb3 Be6 8. f3 Nbd7 9. g4 b5 10. g5 b4 11. Ne2 Nh5 12. Qd2 Be7 13. Ng3 Nf4 14. h4 h6 15. gxh6 Rxh6 16. 0-0-0 Rxh4 17. Rxh4 Bxh4 18. Nf5 Bxf5 19. exf5 Be7 20. Bxf4 exf4 21. Qxb4 a5 22. Qe4 Nf6 23. Qxf4 d5 24. a4 Kf8 25. Bb5 Qb6 26. Kb1 Rc8 27. Rh1 Ng8 28. Qd2 Bf6 29. Qxd5 Nh6 30. Bd3 1-0

[Event "CFriend AC-2004-Q-00003 email"]
[Site "Chessfriend.com"]
[Date "2004.07.14"]
[Round "?"]
[White "Carr, James T"]
[Black "Erbe, Uwe"]
[Result "0-1"]
[WhiteElo "1534"]
[BlackElo "2156"]
[PlyCount "26"]
[EventDate "2004.??.??"]
[EventType "tourn (corr)"]
[EventRounds "10"]
[SourceTitle "Corr 2008"]
[Source "ChessBase"]
[SourceDate "2008.06.24"]
[SourceVersion "1"]
[SourceVersionDate "2008.06.24"]
[SourceQuality "1"]

1. d4 Nf6 2. Nf3 d5 3. e3 c5 4. c3 Nbd7 5. Bd3 Qc7 6. 0-0 e5 7. dxe5 Nxe5 8. Nxe5 Qxe5 9. Nd2 Bd6 10. Nf3 Qh5 11. Qa4+ Bd7 12. Qc2 Bg4 13. Qa4+ Kf8 0-1

[Event "CFriend AC-2004-Q-00003 email"]
[Site "Chessfriend.com"]
[Date "2004.07.14"]
[Round "1"]
[White "Edighoffer, Harold"]
[Black "Erbe, Uwe"]
[Result "1-0"]
[WhiteElo "2467"]
[BlackElo "2240"]
[PlyCount "169"]
[EventDate "2004.??.??"]
[EventType "tourn (corr)"]
[EventRounds "10"]
[SourceTitle "Corr 2024"]
[Source "ChessBase"]
[SourceDate "2023.10.19"]
[SourceVersion "1"]
[SourceVersionDate "2023.10.19"]
[SourceQuality "1"]

1. e4 c5 2. Nf3 Nc6 3. Bb5 e6 4. 0-0 Nge7 5. d4 cxd4 6. Be2 Ng6 7. Nxd4 Be7 8. Be3 0-0 9. Nc3 b6 10. Qd2 Nxd4 11. Bxd4 Bb7 12. Rad1 d6 13. f3 Rc8 14. a3 a6 15. a4 Rc6 16. Qc1 Bg5 17. Be3 Bf6 18. f4 Bxc3 19. bxc3 Qc7 20. c4 f5 21. exf5 Rxf5 22. Qb2 Rf7 23. c3 Nh4 24. Bd3 Nf5 25. Bf2 Rf6 26. Rb1 Rg6 27. g3 h5 28. Bxb6 Qd7 29. Bd8 Ba8 30. Bg5 Rc8 31. Qb6 e5 32. Rb2 h4 33. Qxa6 exf4 34. Bxf4 hxg3 35. hxg3 Rg4 36. Bxf5 Qxf5 37. Bxd6 Qe6 38. Qxc8+ Qxc8 39. Rb8 Qxb8 40. Bxb8 Rxc4 41. a5 Rxc3 42. Ra1 Rb3 43. Be5 Rb5 44. Bf4 Rb2 45. a6 Kf7 46. Kf1 Rg2 47. a7 g5 48. Bc7 Kg6 49. Ra5 Rd2 50. Ra3 Kf5 51. Ba5 Rd6 52. Be1 Kg4 53. Ke2 Re6+ 54. Kd1 Rd6+ 55. Bd2 Rd5 56. Kc2 Rc5+ 57. Kb2 Rb5+ 58. Kc3 Rd5 59. Be1 Re5 60. Ra1 Kf3 61. Kc4 Re4+ 62. Kb5 Re3 63. Rc1 Re7 64. Kb6 Rb7+ 65. Ka6 Rb2 66. Rc5 Re2 67. Ba5 Kxg3 68. Rxg5+ Kf3 69. Rf5+ Ke3 70. Rf8 Bg2 71. Rg8 Bh1 72. Rh8 Bg2 73. Rg8 Bh1 74. Rg1 Bc6 75. Rg6 Bh1 76. Rg1 Bc6 77. Rb1 Ra2 78. Rb6 Bd5 79. Rb8 Bg2 80. Rg8 Bh1 81. Rh8 Bd5 82. Kb5 Rb2+ 83. Bb4 Ra2 84. Rd8 Rxa7 85. Bc5+ 1-0

[Event "CFriend AC-2004-Q-00003 email"]
[Site "Chessfriend.com"]
[Date "2004.07.14"]
[Round "1"]
[White "Erbe, Uwe"]
[Black "Balabaev, Farit"]
[Result "1/2-1/2"]
[WhiteElo "2240"]
[BlackElo "2437"]
[PlyCount "83"]
[EventDate "2004.??.??"]
[EventType "tourn (corr)"]
[EventRounds "10"]
[SourceTitle "Corr 2024"]
[Source "ChessBase"]
[SourceDate "2023.10.19"]
[SourceVersion "1"]
[SourceVersionDate "2023.10.19"]
[SourceQuality "1"]

1. d4 d5 2. c4 c6 3. Nf3 Nf6 4. e3 e6 5. Bd3 Nbd7 6. 0-0 Bd6 7. Nc3 0-0 8. e4 dxc4 9. Bxc4 e5 10. Bg5 Qe7 11. Re1 Rd8 12. d5 h6 13. dxc6 bxc6 14. Bh4 Nb6 15. Be2 g5 16. Bg3 Nh5 17. Qc2 Nxg3 18. hxg3 Be6 19. a3 h5 20. Nd1 g4 21. Nh4 Bc5 22. Qc1 Kh7 23. Ne3 Bd4 24. Nef5 Qf6 25. Nxd4 Rxd4 26. b4 Nc4 27. Bxc4 Rxc4 28. Qb2 a5 29. Rac1 Rxc1 30. Rxc1 axb4 31. Qxb4 Qd8 32. Rxc6 Rb8 33. Qe1 Qd4 34. Rc7 Rb2 35. Nf5 Bxf5 36. Rxf7+ Kg6 37. Rxf5 Qd3 38. Kh2 Rb1 39. Qe3 Qxe3 40. fxe3 Ra1 41. Rxe5 Rxa3 42. Re6+ 1/2-1/2

[Event "CFriend AR-2003-F-00003 email"]
[Site "Chessfriend.com"]
[Date "2004.05.07"]
[Round "1"]
[White "Erbe, Uwe"]
[Black "Innocenti, Katia"]
[Result "1/2-1/2"]
[WhiteElo "2195"]
[BlackElo "2178"]
[PlyCount "91"]
[EventDate "2004.??.??"]
[EventType "tourn (corr)"]
[EventRounds "12"]
[SourceTitle "Corr 2008"]
[Source "ChessBase"]
[SourceDate "2008.06.24"]
[SourceVersion "1"]
[SourceVersionDate "2008.06.24"]
[SourceQuality "1"]

1. d4 d5 2. c4 c6 3. Nf3 Nf6 4. Nc3 e6 5. e3 Nbd7 6. Qc2 Bd6 7. Bd3 0-0 8. 0-0 dxc4 9. Bxc4 e5 10. Bb3 h6 11. Rd1 Qc7 12. h3 Re8 13. dxe5 Nxe5 14. Nd4 a6 15. Ne4 Nxe4 16. Qxe4 c5 17. Ne2 Bd7 18. f4 Bc6 19. Qb1 Nd7 20. Qg6 Nf6 21. Rxd6 Qxd6 22. Bxf7+ Kh8 23. Bxe8 Be4 24. Qg3 Rxe8 25. Qf2 b5 26. Ng3 Qd1+ 27. Kh2 c4 28. Qe2 Rd8 29. a4 Qxe2 30. Nxe2 Rd1 31. axb5 axb5 32. Nc3 Re1 33. Kg3 Bc6 34. Ra6 b4 35. Rxc6 bxc3 36. bxc3 Rxc1 37. Rxc4 Rf1 38. Rc8+ Kh7 39. c4 Ne4+ 40. Kg4 Rf2 41. c5 Kg6 42. Rc6+ Nf6+ 43. Kg3 Rf1 44. Ra6 Kh7 45. c6 Re1 46. Kf3 1/2-1/2

[Event "CFriend AR-2003-F-00003 email"]
[Site "Chessfriend.com"]
[Date "2004.05.07"]
[Round "1"]
[White "Gildred, Terrence L Nick"]
[Black "Erbe, Uwe"]
[Result "1-0"]
[WhiteElo "2336"]
[BlackElo "2240"]
[PlyCount "129"]
[EventDate "2004.??.??"]
[EventType "tourn (corr)"]
[EventRounds "12"]
[SourceTitle "Corr 2024"]
[Source "ChessBase"]
[SourceDate "2023.10.19"]
[SourceVersion "1"]
[SourceVersionDate "2023.10.19"]
[SourceQuality "1"]

1. e4 c5 2. Nf3 d6 3. d4 Nf6 4. Nc3 cxd4 5. Nxd4 Nc6 6. Bg5 e6 7. Qd2 h6 8. Bxf6 gxf6 9. f4 Qb6 10. Nb3 Bd7 11. Nb5 a5 12. a4 Na7 13. N3d4 Nc6 14. 0-0-0 Nxd4 15. Qxd4 Qxd4 16. Rxd4 0-0-0 17. Rxd6 Kb8 18. Rd1 Bc5 19. g3 Bc6 20. Rxd8+ Rxd8 21. Bd3 h5 22. Rf1 h4 23. f5 e5 24. Rf3 h3 25. Rf1 Be3+ 26. Kb1 Bc5 27. Re1 Bb4 28. Re2 Bxb5 29. axb5 Kc7 30. Rf2 Kb6 31. Rf1 Bc5 32. Rc1 Bf2 33. Rf1 Bc5 34. Ka2 a4 35. g4 Rh8 36. b3 axb3+ 37. Kxb3 Be3 38. Rf3 Bg1 39. Bf1 Rh4 40. Bxh3 Bxh2 41. Kc4 Bg1 42. c3 Ka5 43. Bf1 Rxg4 44. Kd5 Ba7 45. Rh3 Rg1 46. Bd3 Rc1 47. Kd6 Rxc3 48. Ke7 Rc7+ 49. Kxf6 Bd4 50. Kg7 Bf2 51. f6 Kb4 52. Be2 b6 53. Rh8 Kc3 54. Rd8 Bd4 55. Kg8 Kc2 56. Bh5 Kd3 57. Bxf7 Kxe4 58. Bd5+ Kd3 59. f7 Bc5 60. Bc6+ Kc4 61. f8Q Bxf8 62. Kxf8 Rh7 63. Rd5 e4 64. Re5 Kb4 65. Bxe4 1-0

[Event "CFriend AH-2004-0-00006 email"]
[Site "Chessfriend.com"]
[Date "2004.04.14"]
[Round "?"]
[White "Daus, Peter"]
[Black "Erbe, Uwe"]
[Result "1/2-1/2"]
[WhiteElo "2239"]
[BlackElo "2089"]
[PlyCount "51"]
[EventDate "2004.??.??"]
[EventType "tourn (corr)"]
[EventRounds "13"]
[SourceTitle "Corr 2008"]
[Source "ChessBase"]
[SourceDate "2008.06.24"]
[SourceVersion "1"]
[SourceVersionDate "2008.06.24"]
[SourceQuality "1"]

1. d4 Nf6 2. c4 e6 3. Nc3 Bb4 4. f3 d5 5. a3 Bxc3+ 6. bxc3 c5 7. cxd5 Nxd5 8. dxc5 f5 9. Nh3 Qa5 10. e4 fxe4 11. fxe4 Qxc3+ 12. Bd2 Qe5 13. Bb5+ Bd7 14. Bxd7+ Nxd7 15. 0-0 N5f6 16. Bf4 Qxc5+ 17. Kh1 Nxe4 18. Qe1 Ndf6 19. Ng5 Nxg5 20. Bxg5 Qxg5 21. Qxe6+ Kf8 22. Rf5 Qg6 23. Raf1 Qe8 24. Rxf6+ gxf6 25. Qxf6+ Kg8 26. Qg5+ 1/2-1/2

[Event "CFriend AH-2004-0-00006 email"]
[Site "Chessfriend.com"]
[Date "2004.04.14"]
[Round "?"]
[White "Erbe, Uwe"]
[Black "Rolle, Hannes"]
[Result "1-0"]
[WhiteElo "2089"]
[BlackElo "2159"]
[PlyCount "37"]
[EventDate "2004.??.??"]
[EventType "tourn (corr)"]
[EventRounds "13"]
[SourceTitle "Corr 2008"]
[Source "ChessBase"]
[SourceDate "2008.06.24"]
[SourceVersion "1"]
[SourceVersionDate "2008.06.24"]
[SourceQuality "1"]

1. e4 c5 2. Nf3 Nc6 3. Bb5 d6 4. 0-0 Bd7 5. Re1 a6 6. Bxc6 Bxc6 7. c3 Nf6 8. d4 Bxe4 9. Bg5 Bd5 10. Nbd2 e6 11. Bxf6 Qxf6 12. c4 Bxf3 13. Nxf3 0-0-0 14. b4 g5 15. d5 Bg7 16. Rb1 g4 17. bxc5 gxf3 18. c6 Rhe8 19. Qb3 1-0

[Event "CFriend AH-2004-0-00006 email"]
[Site "Chessfriend.com"]
[Date "2004.04.14"]
[Round "?"]
[White "Erbe, Uwe"]
[Black "Weggen, Rick HM"]
[Result "1-0"]
[WhiteElo "2156"]
[BlackElo "1678"]
[PlyCount "89"]
[EventDate "2004.??.??"]
[EventType "tourn (corr)"]
[EventRounds "13"]
[SourceTitle "Corr 2008"]
[Source "ChessBase"]
[SourceDate "2008.06.24"]
[SourceVersion "1"]
[SourceVersionDate "2008.06.24"]
[SourceQuality "1"]

1. d4 Nf6 2. c4 e6 3. Nf3 b6 4. g3 Bb4+ 5. Bd2 c5 6. Bxb4 cxb4 7. Bg2 0-0 8. 0-0 Bb7 9. Nbd2 d5 10. cxd5 exd5 11. Ne5 Nc6 12. Ndf3 Rc8 13. Rc1 Re8 14. Qa4 Qd6 15. e3 Rc7 16. Rc2 a6 17. Rfc1 b5 18. Qb3 Rec8 19. Nd3 a5 20. Nc5 Rb8 21. Qd3 Bc8 22. e4 Qd8 23. e5 Ne8 24. Re1 Qe7 25. Rcc1 Rb6 26. Nh4 g5 27. Nf3 Ng7 28. Qd2 h6 29. h4 Bg4 30. Nh2 Be6 31. Nxe6 fxe6 32. Ng4 gxh4 33. Nf6+ Kf8 34. Qxh6 Nxd4 35. Qh8+ Kf7 36. Rxc7 Qxc7 37. Qg8+ Kg6 38. gxh4 Rb7 39. f4 Ne2+ 40. Rxe2 Qc1+ 41. Bf1 Qxf4 42. Qh7+ Kf7 43. Nh5 Qg4+ 44. Rg2 Qxg2+ 45. Bxg2 1-0

[Event "CFriend AH-2004-0-00006 email"]
[Site "Chessfriend.com"]
[Date "2004.04.14"]
[Round "1"]
[White "Schwaiger, Michael"]
[Black "Erbe, Uwe"]
[Result "1-0"]
[WhiteElo "2314"]
[BlackElo "2240"]
[PlyCount "101"]
[EventDate "2004.??.??"]
[EventType "tourn (corr)"]
[EventRounds "13"]
[SourceTitle "Corr 2024"]
[Source "ChessBase"]
[SourceDate "2023.10.19"]
[SourceVersion "1"]
[SourceVersionDate "2023.10.19"]
[SourceQuality "1"]

1. Nf3 Nf6 2. d4 g6 3. c4 Bg7 4. Nc3 0-0 5. e4 d6 6. Be2 e5 7. 0-0 Nbd7 8. Be3 Ng4 9. Bg5 f6 10. Bd2 Nh6 11. dxe5 dxe5 12. b4 c6 13. Qb3 Nf7 14. c5 Kh8 15. Rad1 f5 16. Bc1 Qe7 17. Bc4 b5 18. cxb6 axb6 19. a4 Nd6 20. Be6 Bf6 21. Be3 Rb8 22. Rfe1 Nxe4 23. Nxe4 fxe4 24. Nd2 Nc5 25. Bxc5 bxc5 26. Bxc8 Rfxc8 27. b5 cxb5 28. axb5 e3 29. fxe3 c4 30. Nxc4 Qe6 31. Rc1 Rc5 32. b6 Bd8 33. Qb4 Bxb6 34. Nxb6 Rxc1 35. Rxc1 Rxb6 36. Qf8+ Qg8 37. Qe7 Re6 38. Qd7 Re8 39. Rc7 g5 40. h3 Qg6 41. Rc6 Qg8 42. Rf6 Rf8 43. Qf5 Rxf6 44. Qxf6+ Qg7 45. Qd8+ Qg8 46. Qd6 Qe8 47. Qf6+ Kg8 48. Qxg5+ Kh8 49. Qf6+ Kg8 50. Kf2 Qb5 51. Qe6+ 1-0

[Event "CFriend AR-2003-Q-00005 email"]
[Site "Chessfriend.com"]
[Date "2003.12.03"]
[Round "1"]
[White "Erbe, Uwe"]
[Black "Grkinic, Goran"]
[Result "1-0"]
[WhiteElo "2195"]
[BlackElo "2158"]
[PlyCount "75"]
[EventDate "2003.??.??"]
[EventType "tourn (corr)"]
[EventRounds "12"]
[SourceTitle "Corr 2008"]
[Source "ChessBase"]
[SourceDate "2008.06.24"]
[SourceVersion "1"]
[SourceVersionDate "2008.06.24"]
[SourceQuality "1"]

1. e4 c5 2. Nf3 d6 3. d4 cxd4 4. Nxd4 Nf6 5. Nc3 a6 6. Bg5 e6 7. f4 Qb6 8. Qd2 Qxb2 9. Rb1 Qa3 10. Be2 Nbd7 11. 0-0 Be7 12. e5 dxe5 13. fxe5 Nxe5 14. Bxf6 gxf6 15. Ne4 Qxa2 16. Rb3 Qa4 17. Nxf6+ Bxf6 18. Rxf6 Qd7 19. Qe3 Qd5 20. Rf2 Rg8 21. Qf4 Rf8 22. Re3 Ng6 23. Qf6 e5 24. Nb5 axb5 25. Rd3 Ra1+ 26. Bf1 Qxd3 27. cxd3 Ra6 28. Qg7 Ra1 29. Qxh7 Be6 30. Qh5 Rh8 31. Qf3 b4 32. Qxb7 Rh4 33. g3 Rg4 34. d4 Rxd4 35. h4 b3 36. h5 Nf8 37. Qb8+ Ke7 38. Qxe5 1-0

[Event "CFriend AR-2003-Q-00005 email"]
[Site "Chessfriend.com"]
[Date "2003.12.03"]
[Round "1"]
[White "Erbe, Uwe"]
[Black "Steenbekkers, Franck"]
[Result "1/2-1/2"]
[WhiteElo "2195"]
[BlackElo "2191"]
[PlyCount "64"]
[EventDate "2003.??.??"]
[EventType "tourn (corr)"]
[EventRounds "12"]
[SourceTitle "Corr 2008"]
[Source "ChessBase"]
[SourceDate "2008.06.24"]
[SourceVersion "1"]
[SourceVersionDate "2008.06.24"]
[SourceQuality "1"]

1. d4 Nf6 2. c4 g6 3. Nc3 d5 4. Nf3 Bg7 5. cxd5 Nxd5 6. e4 Nxc3 7. bxc3 c5 8. Rb1 0-0 9. Be2 b6 10. 0-0 Bb7 11. Qd3 Ba6 12. Qe3 Qd7 13. dxc5 Bxe2 14. Qxe2 bxc5 15. Qc4 Qc6 16. e5 Nd7 17. Re1 e6 18. Qh4 Rfb8 19. Ra1 Qc7 20. Bf4 Rb2 21. Rad1 Nb6 22. Bh6 Rxa2 23. Bxg7 Kxg7 24. Qf6+ Kg8 25. Ng5 h6 26. Ne4 c4 27. Qf3 Rb8 28. Nf6+ Kg7 29. Qf4 Qe7 30. Rd6 Nd5 31. Qxc4 Rbb2 32. Rd7 Rxf2 1/2-1/2